Regional ground-water flow and geochemistry in the Midwestern basins and arches aquifer system in parts of Indiana, Ohio, Michigan, and Illinois /

Bibliographic Details
Main Authors: Eberts, Sandra M. (Author), George, Lori L. (Author)
Corporate Author: Geological Survey (U.S.)
Format: Government Document eBook
Language:English
Published: Reston, Virginia : U.S. Department of the Interior, U.S. Geological Survey, 2000.
Series:Regional aquifer-system analysis--midwestern basins and arches.
U.S. Geological Survey professional paper ; 1423-C.
Subjects:
Online Access:https://purl.fdlp.gov/GPO/LPS54384

MARC

Tag First Indicator Second Indicator Subfields
LEADER 00000cam a2200000 i 4500
001 in00004042002
005 20211202202622.0
006 m o d f
007 cr |||||||||||
008 101111s2000 vauab ob f000 0 eng c
019 |a 624375556  |a 896811506 
020 |z 0607926694 
020 |z 9780607926699 
035 |a (OCoLC)ocn680806982 
042 |a dlr  |a pcc 
043 |a n-usc-- 
040 |a OCLCE  |b eng  |e rda  |e pn  |c OCLCE  |d OCLCQ  |d OCLCF  |d OCLCQ  |d OCLCO  |d COP  |d OCLCQ  |d GPO  |d MvI 
049 |a WWW 
050 4 |a QE75  |b .P9 no.1423-C  |a GB1197.7 
074 |a 0624 (online) 
086 0 |a I 19.16:1423-C 
100 1 |a Eberts, Sandra M.,  |e author. 
245 1 0 |a Regional ground-water flow and geochemistry in the Midwestern basins and arches aquifer system in parts of Indiana, Ohio, Michigan, and Illinois /  |c Sandra M. Eberts and Lori L. George. 
264 1 |a Reston, Virginia :  |b U.S. Department of the Interior, U.S. Geological Survey,  |c 2000. 
300 |a 1 online resource (viii, 103 pages) :  |b illustrations (color maps). 
336 |a text  |b txt  |2 rdacontent 
337 |a computer  |b c  |2 rdamedia 
338 |a online resource  |b cr  |2 rdacarrier 
490 1 |a Regional aquifer-system analysis--midwestern basins and arches 
490 1 |a U.S. Geological Survey professional paper ;  |v 1423-C 
504 |a Includes bibliographical references (pages 99-103). 
588 |a Description based on online resource, PDF version; title from PDF title page (USGS, viewed April 19, 2018). 
650 0 |a Groundwater flow  |z Middle West. 
650 0 |a Water chemistry  |z Middle West. 
650 7 |a Groundwater flow.  |2 fast  |0 (OCoLC)fst00948337 
650 7 |a Water chemistry.  |2 fast  |0 (OCoLC)fst01171592 
651 7 |a Middle West.  |2 fast  |0 (OCoLC)fst01240052 
700 1 |a George, Lori L.,  |e author. 
710 2 |a Geological Survey (U.S.) 
776 0 8 |i Print version:  |a Eberts, Sandra M.  |t Regional ground-water flow and geochemistry in the Midwestern basins and arches aquifer system in parts of Indiana, Ohio, Michigan, and Illinois  |w (DLC) 00037558  |w (OCoLC)43787566 
830 0 |a Regional aquifer-system analysis--midwestern basins and arches. 
830 0 |a U.S. Geological Survey professional paper ;  |v 1423-C. 
856 4 0 |u https://purl.fdlp.gov/GPO/LPS54384  |t 0 
999 f f |s d9090fe6-0b64-3a2f-b694-14faa31d4ed7  |i 61201ed4-14ee-39ad-a2d8-87f460455701  |t 0 
952 f f |a Texas A&M University  |b College Station  |c Electronic Resources  |d Available Online  |t 0  |e I 19.16:1423-C  |h Superintendent of Documents classification 
998 f f |a I 19.16:1423-C  |t 0  |l Available Online